Los conquistadores de la Antártida

Αποθηκεύτηκε σε:
Λεπτομέρειες βιβλιογραφικής εγγραφής
Κύριος συγγραφέας: Coloane, Francisco (Συγγραφέας)
Μορφή: Βιβλίο
Γλώσσα:Ισπανικά
Έκδοση: Santiago Zig-Zag 1968
Σειρά:Narradores Chilenos
Θέματα:
Ετικέτες: Προσθήκη ετικέτας
Δεν υπάρχουν, Καταχωρήστε ετικέτα πρώτοι!

MARC

LEADER 00000nam a2200000 a 4500
001 UCW5113
003 CL-VaPUC
008 901205e19680000CL |||||||||||||||||spa|d
082 0 4 |a Ch863  |b COL  |2 21 
100 0 |a Coloane, Francisco  |e author  |9 309980 
245 1 4 |a Los conquistadores de la Antártida 
300 |a 123 p 
942 |c BK 
945 |d 19901205 00:00:00 
260 |a Santiago  |b Zig-Zag  |c 1968 
650 0 |a Novelas chilenas   |9 265425 
583 |a last modification  |c 19901205 00:00:00  |k Rodrigo Vera 
490 0 |a Narradores Chilenos 
999 |c 218624  |d 218622 
952 |0 0  |1 0  |4 0  |6 CH_863_000000000000000_COL_1968  |7 0  |8 A  |9 208447  |a BIBEDU  |b BIBEDU  |d 2019-11-15  |i 2763567  |o Ch863 COL 1968  |p 2763567  |r 2019-11-15  |w 2019-11-15  |y BK  |k EDU 
952 |0 0  |1 0  |4 0  |6 CH_863_000000000000000_COL_1968  |7 0  |8 A  |9 208448  |a BIBEDU  |b BIBEDU  |d 2019-11-15  |i 2763575  |o Ch863 COL 1968  |p 2763575  |r 2019-11-15  |w 2019-11-15  |y BK  |k EDU